Vectors and matrices / (Record no. 2955)
[ view plain ]
| 000 -LEADER | |
|---|---|
| fixed length control field | 00586nam a2200181 4500 |
| 001 - CONTROL NUMBER | |
| control field | 3626 |
| 005 - DATE AND TIME OF LATEST TRANSACTION | |
| control field | 20181127171635.0 |
| 008 - FIXED-LENGTH DATA ELEMENTS--GENERAL INFORMATION | |
| fixed length control field | 730522s1943 nyua b 000 0 eng |
| 010 ## - LIBRARY OF CONGRESS CONTROL NUMBER | |
| LC control number | 43017761 |
| 100 1# - MAIN ENTRY--PERSONAL NAME | |
| Personal name | MacDuffee, Cyrus Colton, |
| Dates associated with a name | 1895- |
| 245 10 - TITLE STATEMENT | |
| Title | Vectors and matrices / |
| Statement of responsibility, etc. | Cyrus Colton MacDuffee. |
| 260 ## - PUBLICATION, DISTRIBUTION, ETC. | |
| Place of publication, distribution, etc. | New York : |
| Name of publisher, distributor, etc. | The Mathematical Association of America, |
| Date of publication, distribution, etc. | 1966. |
| 300 ## - PHYSICAL DESCRIPTION | |
| Extent | xi, 203 p. ; |
| Other physical details | |
| Dimensions | 20 cm. |
| 440 #4 - SERIES STATEMENT/ADDED ENTRY--TITLE | |
| Title | The Carus mathematical monographs, |
| Volume/sequential designation | no. 7 |
| 504 ## - BIBLIOGRAPHY, ETC. NOTE | |
| Bibliography, etc. note | Bibliography: p. 189-190. |
| 650 #0 - SUBJECT ADDED ENTRY--TOPICAL TERM | |
| Topical term or geographic name entry element | Matrices. |
| 730 ## - ADDED ENTRY--UNIFORM TITLE | |
| Uniform title | Mathematical Association of America. |
| Withdrawn status | Lost status | Source of classification or shelving scheme | Damaged status | Not for loan | Collection code | Home library | Current library | Shelving location | Serial Enumeration / chronology | Inventory number | Total Checkouts | Full call number | Barcode | Date last seen | Price effective from | Koha item type |
|---|---|---|---|---|---|---|---|---|---|---|---|---|---|---|---|---|
| Dewey Decimal Classification | Main TEST | RTC Library | RTC Library | Main opac | 1427 | 512.9 MAC | 30002963 | 27/11/2018 | 27/11/2018 | Main |